Central Library OPAC University of Rajshahi

Falcon of spain : (Record no. 55707)

MARC details
000 -LEADER
fixed length control field 00919nam a2200277 a 4500
001 - CONTROL NUMBER
control field 55707
003 - CONTROL NUMBER IDENTIFIER
rucl marc code BD-RJUL
005 - DATE AND TIME OF LATEST TRANSACTION
control field 20211209080314.0
008 - FIXED-LENGTH DATA ELEMENTS--GENERAL INFORMATION
fixed length control field 161127s1962 pk a b 000 0 eng
035 ## - SYSTEM CONTROL NUMBER
System control number (BD-RJUL)55831
System control number (OCoLC)05310727
System control number GLIS00085748
040 ## - CATALOGING SOURCE
Original cataloging agency DLC
Transcribing agency DLC
Modifying agency m.c.
-- BD-RJUL
Language of cataloging eng
041 ## - LANGUAGE CODE
Language code of text/sound track or separate title eng
082 ## - DEWEY DECIMAL CLASSIFICATION NUMBER
Edition number 23
Classification number 946.09021
Author mark and year IRF 1962
099 ## - LOCAL FREE-TEXT CALL NUMBER (OCLC)
Bangla Class number QB981.S55
100 1# - MAIN ENTRY--PERSONAL NAME
Personal name Irving, Thomas Ballantine
9 (RLIN) 165920
245 14 - TITLE STATEMENT
Title Falcon of spain :
Remainder of title a study of eigth century spain,with special emphasis upon the life of the umayyad ruler abdurrahman 1 (756-788) /
Statement of responsibility, etc. Thomas Ballantine Irving
250 ## - EDITION STATEMENT
Edition statement 2nd ed.
260 ## - PUBLICATION, DISTRIBUTION, ETC. (IMPRINT)
Place of publication, distribution, etc. Lahore :
Name of publisher, distributor, etc. S H. MUHAMMAD ASHRAF,
Date of publication, distribution, etc. c1962.
300 ## - PHYSICAL DESCRIPTION
Pagination 203 p. ;
Size 23 cm.
504 ## - BIBLIOGRAPHY, ETC. NOTE
Bibliography, etc Includes bibliography
650 #0 - SUBJECT ADDED ENTRY--TOPICAL TERM
Topical term or geographic name as entry element Spain -- History -- 711-1516.
9 (RLIN) 165921
Form subdivision Abd al-Raḥmān -- I, -- 731-788.
942 ## - ADDED ENTRY ELEMENTS (KOHA)
Source of classification or shelving scheme Dewey Decimal Classification
Koha item type Books
Holdings
Lost status Source of classification or shelving scheme Damaged status Not for loan Collection code Permanent Location Current Location Shelving location Date acquired Source of acquisition Cost, normal purchase price Total Checkouts Full call number Date last seen Copy number Koha item type
  Dewey Decimal Classification     Non-fiction Central Library, University of Rajshahi Central Library, University of Rajshahi   24/08/1973 Provincial Book depart 7.50   946.09 IRF 1962 27/11/2016 C-2 Books